LEADER 00709nab a2200133 i 4500 001 000000329698 003 CaOOAMICUS 005 20180831173625.0 008 180831n it uu u0 0ita r 013 $a41376 040 $aSeMil$bita 245 10$aComunitą del Quadriennio Teologico. I vespri votivi in onore di sant'Ambrogio e il discorso alla cittą dell'Arcivescovo. . - In [rubrica] :$bNotizie dal Seminario. 773 0 $tVocazione e cambiamento d'epoca. - 32 p. - Titolo dalla copertina.$gp.26-27$w()291856 996 $6245$aComunitą del Quadriennio Teologico. I vespri votivi in onore di sant'Ambrogio e il discorso alla cittą dell'Arcivescovo. . - In [rubrica] :$bNotizie dal Seminario.$9(OLS)http://semarc/title/418175 LEADER 01116nam a2200277 i 4500 001 000000119541 003 CaOOAMICUS 005 20031029000000.0 008 031029s1990 it u000 u ita u 013 $a92235 020 $a88-384-1460-2 040 $aSeMil$bita 100 1 $aMeisner, Joachim .$0(OLS)http://semarc/name/90483 240 10$aUnsere Hoffnung stärke euch.$0(OLS)http://semarc/title/175702 245 13$aLa speranza vi dia forza /$cJoachim Meisner. 260 $aCasale Monferrato (AL) :$bPiemme,$c1990. 300 $a111 p. ;$c22 cm. 500 $aFondo Card. C.M. Martini. 650 4$aMeisner, Joachim - Insegnamenti.$0(OLS)http://semarc/subject/22396 850 $aSeMil 852 $aSeMil$W1$xVenegono$y1$m2F IV 310$j74748$B74748$CSeMilBibl$Z2$F83808 $81 941 1 $a4 961 $aOmaggio: Martini Card. Carlo Maria 996 $6020$a88-384-1460-2$9(OLS)http://semarc/number/104441 996 $6245$aLa speranza vi dia forza$9(OLS)http://semarc/title/175701 996 $6260$aCasale Monferrato (AL) :$bPiemme$9(OLS)http://semarc/publisher/30052